Observation and control for operator semigroups (Record no. 1230783)

MARC details
000 -LEADER
fixed length control field 00581nam a2200217Ia 4500
005 - DATE AND TIME OF LATEST TRANSACTION
control field 20241129115522.0
008 - FIXED-LENGTH DATA ELEMENTS--GENERAL INFORMATION
fixed length control field 241129s9999||||xx |||||||||||||| ||und||
020 ## - INTERNATIONAL STANDARD BOOK NUMBER
International Standard Book Number 9783764389932
037 ## - SOURCE OF ACQUISITION
Stock number TB
040 ## - CATALOGING SOURCE
Original cataloging agency SDCL
Language of cataloging eng
Transcribing agency SDCL
041 ## - LANGUAGE CODE
Language code of text/sound track or separate title eng
Source of code eng
084 ## - COLON CLASSIFICATION NUMBER
Classification number B313N P9
Assigning agency SDCL
100 ## - MAIN ENTRY--PERSONAL NAME
Personal name Tucsnak Marius; Weiss George
9 (RLIN) 727639
245 #0 - TITLE STATEMENT
Title Observation and control for operator semigroups
260 ## - PUBLICATION, DISTRIBUTION, ETC.
Place of publication, distribution, etc. Basel
Name of publisher, distributor, etc. Birkhauser
Date of publication, distribution, etc. 2009
300 ## - PHYSICAL DESCRIPTION
Extent xi,483p.
365 ## - TRADE PRICE
Price type code EUR
Price amount 99.99
650 ## - SUBJECT ADDED ENTRY--TOPICAL TERM
Topical term or geographic name entry element Gift
942 ## - ADDED ENTRY ELEMENTS (KOHA)
Koha item type Textbook
Classification part B313N P9
Holdings
Withdrawn status Lost status Damaged status Not for loan Home library Current library Date acquired Cost, normal purchase price Total Checkouts Full call number Barcode Date last seen Price effective from Koha item type
        South Campus Library South Campus Library 2024-11-29 99.99   B313N P9 1439413 2024-11-29 2024-11-29 Textbook
Copyright @ Delhi University Library System